| 000 | 00417nam a22001697a 4500 | ||
|---|---|---|---|
| 005 | 20160530121353.0 | ||
| 008 | 160530b xxu||||| |||| 00| 0 eng d | ||
| 020 | _a81-85386-63-3 | ||
| 041 | _aeng | ||
| 082 | _b6048 | ||
| 100 |
_aSandage, Fry burger, and rolboll _91518 |
||
| 245 | _aAdvertising, Theory and Practice | ||
| 260 |
_aDelhi _bAITB. _c2004 |
||
| 300 | _a499 | ||
| 650 |
_aManagement _9241 |
||
| 942 | _cBK | ||
| 999 |
_c2144 _d2143 |
||